El maravilloso viaje de Nico Huehuetl a traves de Mexico / (Record no. 24463)

MARC details
000 -LEADER
fixed length control field 01446nam a2200433Ia 4500
001 - CONTROL NUMBER
control field sjds1490380
003 - CONTROL NUMBER IDENTIFIER
control field sjds
005 - DATE AND TIME OF LATEST TRANSACTION
control field 20240309125223.0
008 - FIXED-LENGTH DATA ELEMENTS--GENERAL INFORMATION
fixed length control field 911107t19861986mx a e 000 1 spa d
020 ## - INTERNATIONAL STANDARD BOOK NUMBER
International Standard Book Number 9687205199 (pbk.) :
Terms of availability $3.95
020 ## - INTERNATIONAL STANDARD BOOK NUMBER
International Standard Book Number 9687205199 (pbk.)
035 ## - SYSTEM CONTROL NUMBER
System control number 62782
035 ## - SYSTEM CONTROL NUMBER
System control number (OCoLC)18941216
035 ## - SYSTEM CONTROL NUMBER
System control number 62782
040 ## - CATALOGING SOURCE
Original cataloging agency CGP
Transcribing agency CGP
Modifying agency IFA
-- UtOrBLW
041 ## - LANGUAGE CODE
Language code of text/sound track or separate title spa
049 ## - LOCAL HOLDINGS (OCLC)
Holding library IFAA
099 ## - LOCAL FREE-TEXT CALL NUMBER (OCLC)
Classification number SPA j
100 1# - MAIN ENTRY--PERSONAL NAME
Personal name Muria, Anna,
Relator term author.
245 13 - TITLE STATEMENT
Title El maravilloso viaje de Nico Huehuetl a traves de Mexico /
Statement of responsibility, etc. Anna Muria ; ilustraciones de Felipe Davalos.
260 ## - PUBLICATION, DISTRIBUTION, ETC. (IMPRINT)
Place of publication, distribution, etc. Amecameca, Mex :
Name of publisher, distributor, etc. Amaquemecan,
Date of publication, distribution, etc. c1986
264 #1 - PRODUCTION, PUBLICATION, DISTRIBUTION, MANUFACTURE, AND COPYRIGHT NOTICE
Place of production, publication, distribution, manufacture Amecameca, Mex :
Name of producer, publisher, distributor, manufacturer Amaquemecan,
Date of production, publication, distribution, manufacture, or copyright notice [1986]
264 #4 - PRODUCTION, PUBLICATION, DISTRIBUTION, MANUFACTURE, AND COPYRIGHT NOTICE
Date of production, publication, distribution, manufacture, or copyright notice c1986
300 ## - PHYSICAL DESCRIPTION
Extent 116 pages :
Other physical details illustrations ;
Dimensions 20 cm.
336 ## - CONTENT TYPE
Content type term text
Content type code txt
Source rdacontent
337 ## - MEDIA TYPE
Media type term unmediated
Media type code n
Source rdamedia
338 ## - CARRIER TYPE
Carrier type term volume
Carrier type code nc
Source rdacarrier
490 1# - SERIES STATEMENT
Series statement Narrativa para jovenes
526 0# - STUDY PROGRAM INFORMATION NOTE
Program name Accelerated Reader
Interest level MG
Reading level 5.6
Title point value 4.0
Public note 30182SP
600 10 - SUBJECT ADDED ENTRY--PERSONAL NAME
Personal name Huehuetl, Nico
General subdivision Travel
Geographic subdivision Mexico
Form subdivision Juvenile fiction.
600 10 - SUBJECT ADDED ENTRY--PERSONAL NAME
Personal name Huehuetl, Nico
General subdivision Viajes
Geographic subdivision Mexico.
650 #0 - SUBJECT ADDED ENTRY--TOPICAL TERM
Topical term or geographic name as entry element Short stories, Mexican
Form subdivision Juvenile literature.
650 #0 - SUBJECT ADDED ENTRY--TOPICAL TERM
Topical term or geographic name as entry element Cuentos mexicanos.
651 #0 - SUBJECT ADDED ENTRY--GEOGRAPHIC NAME
Geographic name Mexico
General subdivision Description and travel
Form subdivision Juvenile literature.
651 #7 - SUBJECT ADDED ENTRY--GEOGRAPHIC NAME
Geographic name Mexico
General subdivision Descripciones y viajes.
Source of heading or term bidex
700 1# - ADDED ENTRY--PERSONAL NAME
Personal name Davalos, Felipe,
Relator term illustrator.
830 #0 - SERIES ADDED ENTRY--UNIFORM TITLE
Uniform title Coleccion Narrativa para jovenes.
942 ## - ADDED ENTRY ELEMENTS (KOHA)
Koha item type Libro/Book
Source of classification or shelving scheme Dewey Decimal Classification

No items available.

Powered by Koha